Indian Acrylic Painting/ (Record no. 216753)

MARC details
000 -LEADER
fixed length control field 00560nam a22001937a 4500
005 - DATE AND TIME OF LATEST TRANSACTION
control field 20260622112651.0
010 ## - LCCN (DPL NO)
LC control number ENG-148902
020 ## - INTERNATIONAL STANDARD BOOK NUMBER
International Standard Book Number 9789392595783
Terms of availability 800.00
035 ## - SYSTEM CONTROL NUMBER
System control number EN-132434
037 ## - SOURCE OF ACQUISITION
Source of stock number/acquisition DBAD
Stock number DPL
082 ## - DEWEY DECIMAL CLASSIFICATION NUMBER
Classification number 759.954
Edition number 1
100 ## - MAIN ENTRY--PERSONAL NAME
Personal name Low, Bhupender
245 ## - TITLE STATEMENT
Title Indian Acrylic Painting/
Statement of responsibility, etc Bhupender Low
250 ## - EDITION STATEMENT
Remainder of edition statement 1
260 ## - PUBLICATION, DISTRIBUTION, ETC. (IMPRINT)
Place of publication, distribution, etc India
Name of publisher, distributor, etc Rishabh Books
Date of publication, distribution, etc 2024
270 ## - ADDRESS
Address 22/4735 Prakash Deep Building,Ansari Raod, Darya Ganj,
City New Delhi
Postal code 110002
300 ## - PHYSICAL DESCRIPTION
Extent 159p.
Dimensions 23cm.(Hb)
942 ## - ADDED ENTRY ELEMENTS (KOHA)
Source of classification or shelving scheme Dewey Decimal Classification
Item type English Books
Classification part 759.954
Call number suffix LOW
Holdings
Withdrawn status Lost status Not for loan Collection code Home library Current library Date acquired Source of acquisition Cost, normal purchase price Full call number Barcode Copy number Cost, replacement price Koha item type
    Not For Loan Non-fiction D.B.Act.Division D.B.Act.Division 22/06/2026 Delivery of Books Act Division 800.00 759.954 LOW EN-132434 1 800.00 English Books

© Delhi Public Library
Hit Counter
free hit counter